LEADER 01173nam a2200265 a 4500 001 000000038015 003 CaOOAMICUS 005 20130709142414.0 008 980420s1957 fr u000 u fre r 035 $a10791092 040 $aPUL(R)$bita 100 1 $aDubisson, Michel.$0(OLS)http://pul/name/28452 245 13$aLa distinction entre la légalité et l'opportunité dans la théorie du recours pour exces de pouvoir /$cpar Dubisson Michel. 260 $aParis :$bPichon et Durand-Auzias,$c1957. 300 $a273 p. : ;$c24 cm 500 $aInclude indici. 502 $aThèse -- Université de Paris. Faculté de Droit, 1955 504 $aBibliografia in nota. 650 4$aAutorità.$0(OLS)http://pul/subject/9446 850 $aPUL 852 $aPUL$W1$xDP2 Diritto e Scienze Sociali 1$y65$m175 E 33$j51871$nBK-PRI$qStampati$B51871$CPULBib$Z2$F51871 $H23316 $82 941 1 $a8 961 $aINV: 23316 996 $6245$aLa distinction entre la légalité et l'opportunité dans la théorie du recours pour exces de pouvoir$9(OLS)http://pul/title/51686 996 $6260$aParis :$bPichon et Durand-Auzias$9(OLS)http://pul/publisher/60326 LEADER 03268nam a2200433 u 4500 001 000000038100 003 CaOOAMICUS 005 20070226113835.0 008 980421m19351937it u000 u lat u 035 $a10791241 040 $aPUL(R)$bita 111 2 $aCongresso giuridico internazionale$d(1934 :$cRoma).$0(OLS)http://pul/name/14739 245 10$aActa congressus iuridici internationalis :$bVII saeculo a Decretalibus Gregorii IX et XIV a Codice Iustiniano promulgatis Romae 12-17 novembris 1934. 260 $aRomae :$bapud custodiam librariam Pont. Instituti utriusque iuris,$c1935-1937. 300 $a5 v. ;$c26 cm 500 $aIn testa al front.: Pontificium insititutum utriusque iuris. 504 $aBibliografia in nota. 650 4$aDiritto canonico.$0(OLS)http://pul/subject/1294 710 2 $aPontificia Università Lateranense.$bPontificium Institutum Utriusque Iuris.$0(OLS)http://pul/name/1777 850 $aPUL 852 $aPUL$W1$xDP1 Fondo Maccarrone$y58$m1523 G 4$j51975$nBK-PRI$b $qFondi$B51975$CPULBib$Z2$F51975 $81 852 $aPUL$W1$xDP1 Fondo Maccarrone$y58$m1523 G 14-15$j51976$nBK-PRI$b $qFondi$B51976$CPULBib$Z2$F51976 $81 852 $aPUL$W1$xDP1 Fondo Cecchetti$y53$m274 D 16-20$j51977$nBK-PRI$b $qFondi$B51977$CPULBib$Z2$F51977 $HPUL6972-6973-6974-6975-6976 $81 852 $aPUL$W1$xDP1 Fondo Cecchetti$y53$m274 D 16-20$j51977$nBK-PRI$b $qFondi$B51978$CPULBib$Z2$F51978 $HPUL6972-6973-6974-6975-6976 $81 852 $aPUL$W1$xDP1 Fondo Cecchetti$y53$m274 D 16-20$j51977$nBK-PRI$b $qFondi$B51979$CPULBib$Z2$F51979 $HPUL6972-6973-6974-6975-6976 $81 852 $aPUL$W1$xDP1 Fondo Cecchetti$y53$m274 D 16-20$j51977$nBK-PRI$b $qFondi$B51980$CPULBib$Z2$F51980 $HPUL6972-6973-6974-6975-6976 $81 852 $aPUL$W1$xDP1 Fondo Cecchetti$y53$m274 D 16-20$j51977$nBK-PRI$b $qFondi$B51981$CPULBib$Z2$F51981 $HPUL6972-6973-6974-6975-6976 $81 852 $aPUL$W1$xDP2 Diritto e Scienze Sociali 1$y65$m183 A 1$j155734$nBK-PRI$bv.1$qStampati$B51970$CPULBib$Z2$F51970 $H6874 $82 852 $aPUL$W1$xDP2 Diritto e Scienze Sociali 1$y65$m183 A 2$j155735$nBK-PRI$av.2$qStampati$B51971$CPULBib$Z2$F51971 $H6848 $82 852 $aPUL$W1$xDP2 Diritto e Scienze Sociali 1$y65$m183 A 3$j155736$nBK-PRI$av.3$qStampati$B51972$CPULBib$Z2$F51972 $82 852 $aPUL$W1$xDP2 Diritto e Scienze Sociali 1$y65$m183 A 4$j155737$nBK-PRI$bv.4$qStampati$B51973$CPULBib$Z2$F51973 $81 852 $aPUL$W1$xDP2 Diritto e Scienze Sociali 1$y65$m183 A 5$j155738$nBK-PRI$av.5$qStampati$B51974$CPULBib$Z2$F51974 $82 941 1 $a8 941 1 $a1 961 $aTimbro: Bibliotheca Pontificium Institutum Utriusque Iuris. 961 $aTimbro: Bibliotheca Pontificium Institutum Utriusque Iuris. 961 $aTimbro: Bibliotheca Pontificium Institutum Utriusque Iuris. 996 $6245$aActa congressus iuridici internationalis :$bVII saeculo a Decretalibus Gregorii IX et XIV a Codice Iustiniano promulgatis Romae 12-17 novembris 1934$9(OLS)http://pul/title/51793 996 $6260$aRomae :$bapud custodiam librariam Pont. Instituti utriusque iuris$9(OLS)http://pul/publisher/55428